000 004280000a22001690004500
003 MACL
005 20160106113308.0
008 160106b xxu||||| |||| 00| 0 eng d
040 _aMACL
_cMACL
041 _aEnglish
082 _a823/RHY
100 _aDodge, Mary Mapes
_928426
245 _aHans Brinker or the Silver Skates
260 _bJ M Dent & Sons LTD
_aLondon
650 _aStories
_928427
942 _cBK
_k823/RHY
_2ddc
999 _c37232
_d37232